| 000 | 00668nam a22001935i 4500 | ||
|---|---|---|---|
| 001 | 151797 | ||
| 003 | ES-MaACL | ||
| 005 | 20230906204403.0 | ||
| 008 | 051005s1863 fr | |||||||| ||fre d | ||
| 080 | _a327(44:72)"18" | ||
| 080 | _a327(72:44)"18" | ||
| 100 | 1 |
_aBelleyme, Adolphe de. _927207 |
|
| 245 | 1 | 3 |
_aLa France et le Mexique / _cpar Adolphe de Belleyme. |
| 260 |
_aParis : _bDentu, _c1863 ( _fImp. Paul Dupont) |
||
| 300 |
_a23 p. ; _c22 cm. |
||
| 651 | 4 |
_aFrancia- _xRelaciones- _zMéxico. _9159968 |
|
| 651 | 4 |
_aMéxico- _xRelaciones- _zFrancia. _9159967 |
|
| 852 | 4 |
_aES-MaACL _jT-82-F-7 _z- Enc. hol., falto de cub. original _z- Enc. en un vol. facticio |
|
| 999 |
_c151797 _d151797 |
||